| LEADER 00000nam 2200000uu 4500 |
| 001 39252 |
| 003 ULIBM |
| 008 020711s2568 th a 000 0 tha d |
| 020 9786165937764 |
| 060 WM430 L864g |
| 100 ชารอน โลสเกน |
| 245 กระบวนการซาเทียร์ทักษะปฏิบัติสำหรับนักบำบัด/ชารอน โลสเกน, ผู้แปล : นาตาลี ฉันทะกุล |
| 250 พิมพ์ครั้งที่ 1 |
| 260 กรุงเทพฯ :^bแบงค็อก ไซโคลอจิเคล เซอร์วิสเซส,^c2568 |
| 300 172 หน้า |
| 650 การบำบัดแบบซาเทียร์ |
| 650 จิตบำบัดเชิงครอบครัว |
| 650 จิตบำบัดเชิงมนุษยนิยม |
| 650 ทักษะทางคลินิกสำหรับนักบำบัด |
| 650 การพัฒนาตนเองในงานบำบัด |
| 650 ความสัมพันธ์เชิงบำบัด |
| 650 การสื่อสารในการบำบัด |
| 650 แบบจำลองซาเทียร์ (Satir Model) |
| 650 นาตาลี ฉันทะกุล, ผู้แปล |
| 999 ^aฐานิตา โสภะสุนทร |